Central Library OPAC University of Rajshahi

Thoughts on Indian discontents / (Record no. 64262)

MARC details
000 -LEADER
fixed length control field 00604nam a2200205 a 4500
001 - CONTROL NUMBER
control field 64262
003 - CONTROL NUMBER IDENTIFIER
rucl marc code BD-RjUL
005 - DATE AND TIME OF LATEST TRANSACTION
control field 20211209081303.0
008 - FIXED-LENGTH DATA ELEMENTS--GENERAL INFORMATION
fixed length control field 170212s1929 enk||||| |||| 00| 0 eng d
035 ## - SYSTEM CONTROL NUMBER
System control number (BD-RjUL)64392
040 ## - CATALOGING SOURCE
Original cataloging agency BD-RjUL
Language of cataloging eng
Transcribing agency BD-RjUL
Modifying agency BD-RjUL
041 ## - LANGUAGE CODE
Language code of text/sound track or separate title eng
082 ## - DEWEY DECIMAL CLASSIFICATION NUMBER
Edition number 23
Classification number 954.035
Author mark and year BET 1929
100 1# - MAIN ENTRY--PERSONAL NAME
Personal name Bevan, Edwyn Robert
9 (RLIN) 190846
245 ## - TITLE STATEMENT
Title Thoughts on Indian discontents /
Statement of responsibility, etc. Edwyn Robert Bevan
260 ## - PUBLICATION, DISTRIBUTION, ETC. (IMPRINT)
Place of publication, distribution, etc. London :
Name of publisher, distributor, etc. G. Allen & Unwin Ltd ,
Date of publication, distribution, etc. 1929
300 ## - PHYSICAL DESCRIPTION
Pagination 178 p. ;
Size 20 cm
651 ## - SUBJECT ADDED ENTRY--GEOGRAPHIC NAME
Geographic name India
General subdivision Politics and government
Chronological subdivision 1919-1947.
9 (RLIN) 172110
942 ## - ADDED ENTRY ELEMENTS (KOHA)
Source of classification or shelving scheme Dewey Decimal Classification
Koha item type Books
Holdings
Lost status Source of classification or shelving scheme Damaged status Not for loan Collection code Permanent Location Current Location Shelving location Date acquired Source of acquisition Cost, normal purchase price Total Checkouts Full call number Date last seen Copy number Koha item type
  Dewey Decimal Classification   Not For Loan Non-fiction Central Library, University of Rajshahi Central Library, University of Rajshahi Reading Room 13/01/1962 Orintalia library 9.01   954.035 BET 1929 12/02/2017 C-1 Books